Olympic games 2016 medal table top 20 - Statistics

General Stats
  • This quiz has been taken 28 times
  • The average score is 16 of 20
Answer Stats
gold silver bronze country % Correct
4 3 15 Canada
96%
17 10 15 Germany
96%
19 18 19 Russia
96%
27 23 17 UK
96%
46 37 38 USA
96%
8 11 10 Australia
92%
7 6 6 Brazil
92%
26 18 26 China
92%
10 18 14 France
92%
8 12 8 Italy
92%
7 4 6 Spain
88%
12 8 21 Japan
85%
8 7 4 Netherlands
77%
9 3 9 South Korea
73%
4 9 5 New Zealand
65%
6 3 2 Jamaica
58%
8 3 4 Hungary
54%
6 6 1 Kenya
54%
5 2 4 Cuba
35%
5 3 2 Croatia
31%
No matching quizzes found
Score Distribution
Percent of People with Each Score
Percentile by Number Answered
Your Score History
You have not taken this quiz